• 首页
  • 本馆介绍
  • 公告通知
  • 最新文献
  • 馆藏检索
  • 电子资源
  • 读者导购
  • 参考咨询
  • 我的图书馆
  • 登录
  • 详细信息显示
  • 放入我的书架
  • 预约/预借图书
  • 作者相关作品
  • 分类相关作品
  • 丛书相关作品
  • 出版社相关作品

书目信息

  • 表格格式
  • 工作单格式
  • 卡片格式
题名:
图的标号理论
    
 
作者: 徐保根 著
分册:  
出版信息: 武汉   华中科技大学出版社  2016.8
页数: 246页
开本: 24cm
丛书名:
单 册:
中图分类: O157.5
科图分类:
主题词: 图论--研究生--教材
电子资源:
ISBN: 978-7-5680-1735-0
000 00863nam0 2200253 450
001 0400004551
005 20171024111258.0
010    @a978-7-5680-1735-0@dCNY39.80
100    @a20161213d2016 em y0chiy50 ea
101 0  @achi
102    @aCN@b420000
105    @aa z 000yy
106    @ar
200 1  @a图的标号理论@9tu de biao hao li lun@dLabeling theory in graphs@zeng@f徐保根著
210    @a武汉@c华中科技大学出版社@d2016.8
215    @a246页@c图@d24cm
300    @a研究生教学用书
330    @a本书主要介绍图的标号及其相关的参数。标号包含了优美图、和谐图、算术图、亲切图、魔术图等一些热点问题,参数主要包括了标号数、控制数和控制划分数等。
510 1  @aLabeling theory in graphs@zeng
606 0  @a图论@x研究生@j教材
690    @aO157.5@v5
701  0 @a徐保根@9xu bao gen@4著
801  0 @aCN@b91MARC@c20171024
905    @b1038295-9@dO157.5@f5@e119
    
    图的标号理论=Labeling theory in graphs/徐保根著.-武汉:华中科技大学出版社,2016.8
    246页:图;24cm
    研究生教学用书
    
    ISBN 978-7-5680-1735-0:CNY39.80
    本书主要介绍图的标号及其相关的参数。标号包含了优美图、和谐图、算术图、亲切图、魔术图等一些热点问题,参数主要包括了标号数、控制数和控制划分数等。
●
相关链接 在E读中查询图书 在五车中查询图书 在当当中查询图书 在豆瓣中查询图书


正题名:图的标号理论     索取号:O157.5/119         预约/预借

序号 登录号 条形码 馆藏地/架位号 状态 备注
1 1038295   210382959   第二样本阅览室/ [索取号:O157.5/119] 在馆    
2 1038296   210382968   第三借阅区/ [索取号:O157.5/119] 在馆    
3 1038297   210382977   第三借阅区/ [索取号:O157.5/119] 在馆    
4 1038298   210382986   数信系资料室/ [索取号:O157.5/119] 在馆    
5 1038299   210382995   第三借阅区/ [索取号:O157.5/119] 在馆    
唐山师范学院图书馆 欢迎您!
大连网信软件有限公司© 版权所有